Ηλίας Αλ. Σταύρου : "ο Κερκυραίος δημοτικιστής λογοτέχνης"

Αποθηκεύτηκε σε:
Λεπτομέρειες βιβλιογραφικής εγγραφής
Κύριος συγγραφέας: Πυλαρινός, Θεοδόσης
Μορφή: Βιβλίο
Γλώσσα:Greek
Δημοσίευση: Κέρκυρα : Εταιρεία Κερκυραϊκών Σπουδών, 2008
Θέματα:
Ετικέτες: Προσθήκη ετικέτας
Δεν υπάρχουν, Καταχωρήστε ετικέτα πρώτοι!

MARC

LEADER 00000cam a2200000 i 4500
001 1/104453
008 090429s2008 gre d
020 |a 978-960-88037-2-5 
035 |l 10104423 
040 |a GR-MY-UA  |b gre  |e aacr 
041 0 |a gre 
082 0 |a 889.307  |2 (22) 
100 1 |a Πυλαρινός, Θεοδόσης. 
245 1 0 |a Ηλίας Αλ. Σταύρου :  |b "ο Κερκυραίος δημοτικιστής λογοτέχνης" /  |c Θεοδόσης Πυλαρινός 
260 |a Κέρκυρα :   |b Εταιρεία Κερκυραϊκών Σπουδών,   |c 2008 
300 |a 141 σ.;  |b εικ.;  |c 21 εκ. 
504 |a Περιέχει βιβλιογραφικές παραπομπές 
600 1 0 |a Σταύρου, Ηλίας Αλ.,   |d 1873-1932. 
650 0 |a Litterateurs  |z Greece  |z Corfu Island. 
650 0 0 |a Greek language, Modern  |x History. 
852 |a INST  |b LESVOS  |e 20090429  |h 889.307 ΠΥΛ  |p 005100044921  |q 005100044921  |t BK  |y 0 
901 |a BIBL1-2009-1 
909 |a Λ  |b 158713 
970 |a ΚΑΡΑ  |b ΓΙΑΣΕΜΗ  |z 2009/04/29